| 000 | 01244cad a22002535a 4500 | ||
|---|---|---|---|
| 001 | E150596 | ||
| 008 | 100803s2010 xxk f 000 0 eng d | ||
| 020 | _a9781842195864 | ||
| 035 | _a(Sirsi) u150596 | ||
| 041 | 0 | _aeng | |
| 050 | 0 | 4 | _a333.332 $2 18 |
| 110 | 2 |
_aRoyal Institution of Chartered Surveyors _94900 |
|
| 245 | 0 | 0 |
_aValuation of trees for amenity and related non-timber uses _h[electronic resource] |
| 260 |
_aCoventry _bRICS _c2010 |
||
| 300 |
_aiv, 12p. _c30cm. |
||
| 490 | 0 | _aRICS Guidance Note | |
| 505 | 2 | _aScope -- Introduction -- Nackground and preliminaries -- Valuation basis -- Establishing the facts -- Valuation methods -- Arriving at a view -- Reporting the valuation -- Conclusion | |
| 520 | _aDesigned to assist the valuer in dealing with some of the more complex issues which might arise when dealing with the presence of significant trees (or groups of trees) either as part of a property or as separate entities. | ||
| 590 | _aKA | ||
| 651 | 4 |
_aUnited Kingdom _y |
|
| 690 | _aPROPERTY-PROPERTY APPRAISAL AND VALUATION | ||
| 856 | 4 | 1 |
_uhttps://www.rics.org/Global/Downloads/Valuation_of_trees_1st_edition_PGguidance_2010_.pdf _zView the guidance free of charge (members only) at www.rics.org |
| 942 | _n0 | ||
| 999 |
_c110919 _d110919 |
||